banner koha

Contribuicao ao estudo das pragas do tabaco, a paquinha (Neuocurtilla hexadactyla - Perty)um inimigo implacavel e perigoso, sua identificacao e possiveis meios de combate-lo (Registro n. 41641)

MARC details
000 -LÍDER
campo de controle de tamanho fixo 00980nam a22003017a 4500
001 - NÚMERO DE CONTROLE
campo de controle BR8801410
003 - IDENTIFICADOR DO NÚMERO DE CONTROLE
campo de controle BR-BrBNA
005 - DATA E HORÁRIO DA ÚLTIMA TRANSAÇÃO
campo de controle 20230928092849.0
007 - CAMPO FIXO DE DESCRIÇÃO FÍSICA--INFORMAÇÃO GERAL
campo de controle de tamanho fixo ta
008 - CAMPO DE DADOS FIXOS--INFORMAÇÃO GERAL
campo de controle de tamanho fixo 230509b bl.||||| |||| 00| 0 por d
040 ## - FONTE DA CATALOGAÇÃO
Instituição da catalogação original BR-BrBNA
Idioma da catalogação por
Instituição que transcreveu o registro Biblioteca Nacional de Agricultura
041 ## - CÓDIGO DE IDIOMA
Código do idioma do texto/trilha sonora ou título diferente (Por)
072 ## - CÓDIGO DE CATEGORIA DE ASSUNTO
Código de Categoria de Assunto H10
Código do objeto 2760
-- 4020
090 ## - NÚMERO DE CHAMADA LOCAL
-- 2760 BR8801410
100 1# - ENTRADA PRINCIPAL--NOME PESSOAL
Nome pessoal Barradas, H.
110 1# - ENTRADA PRINCIPAL--NOME CORPORATIVO
Nome corporativo ou nome da jurisdição Departamento Nacional da Producao Vegetal, Rio de Janeiro, GB (Brasil). Servico de Fomento da Producao Vegetal
9 (RLIN) 3242
245 1# - TÍTULO
Título Contribuicao ao estudo das pragas do tabaco, a paquinha (Neuocurtilla hexadactyla - Perty)um inimigo implacavel e perigoso, sua identificacao e possiveis meios de combate-lo
250 1# - EDIÇÃO
Edição 2. ed.
260 3# - PUBLICAÇÃO, DISTRIBUIÇÃO, ETC.
Local de publicação, distribuição, etc. Rio de Janeiro, GB (Brasil):
Data da publicação, distribuição, etc. 1938.
300 ## - DESCRIÇÃO FÍSICA
Extensão 16 p.
500 ## - NOTA GERAL
Nota geral 14 illus.
650 ## - ASSUNTO--TERMO TÓPICO
Cabeçalho tópico ou nome geográfico FUMO
650 ## - ASSUNTO--TERMO TÓPICO
Cabeçalho tópico ou nome geográfico INSETO
650 ## - ASSUNTO--TERMO TÓPICO
Cabeçalho tópico ou nome geográfico BIOLOGIA
650 ## - ASSUNTO--TERMO TÓPICO
Cabeçalho tópico ou nome geográfico ERRADICACAO
909 ## -
-- 202309
-- Lucia
-- 55
-- Lucia Elande
942 ## - ELEMENTOS DE ENTRADA ADICIONADOS (KOHA)
Tipo de material Koha Livros
Exemplares
Situação do descarte Fonte da classificação ou esquema de arquivamento na estante Situação física Não pode ser emprestado Coleção Biblioteca de origem Biblioteca atual Total de empréstimos Número de telefone completo Código de barras Data de último acesso Número do exemplar Tipo de material Koha Situação das perdas Data de aquisição Fonte de aquisição
  Classificação AGRIS       Biblioteca Nacional de Agricultura - Binagri Biblioteca Nacional de Agricultura - Binagri   2760 BR8801410 2760 BR8801410 25/09/2023 01 Livros   2023-09-25 Portaria Interministerial nº 164/94

BINAGRI

Telefone: (61)3218-2567/2388/3357/2097 - binagri@agro.gov.br

Ministério da Agricultura e Pecuária , Esplanada dos Ministérios, Bloco D, Anexo B, Brasília/DF, CEP: 70.043-900